Glen International Ltd V Triplerose Ltd (Record no. 79077)

MARC details
000 -LEADER
fixed length control field 01875cab a22002295a 4500
001 - CONTROL NUMBER
control field L139740
008 - FIXED-LENGTH DATA ELEMENTS--GENERAL INFORMATION
fixed length control field 070807e20070323xxk f w 000 0 eng d
035 ## - SYSTEM CONTROL NUMBER
System control number (Sirsi) u139740
041 0# - LANGUAGE CODE
Language code of text/sound track or separate title eng
245 00 - TITLE STATEMENT
Title Glen International Ltd V Triplerose Ltd
Medium [electronic resource]
260 ## - PUBLICATION, DISTRIBUTION, ETC.
Date of publication, distribution, etc. 2007
520 ## - SUMMARY, ETC.
Summary, etc. [2007] EWCA Civ 388, 23 March 2007. The landlord (T) appealed against a decision that the tenant (G) had properly served a notice under the Leasehold Reform, Housing and Urban Development Act 1987 s42; and against an order granting G a new lease of the property. G believed that T had supplied no address for service under the Landlord and Tenant Act 1987 s48 and so served their notice to the address contained in T's demands for rent. In the absence of any counter-notice, the judge had ordered a new lease granted to G. During negotiations with G's solicitors regarding dilapidations, T's agent had supplied a separate address for correspondence. The issue was whether G ought to have served the notice for a new lease at that address or whether the address used amounted to proper service. "Held": T's agent had not supplied notice pursuant to the 1987 Act and G's solicitors did not have authority to receive the address as a proper service. They were authorised only to correspond regarding dilapidations. Appeal dismissed.
590 ## - LOCAL NOTE (RLIN)
Local note KA
650 24 - SUBJECT ADDED ENTRY--TOPICAL TERM
Topical term or geographic name entry element GLEN INTERNATIONAL LTD V TRIPLEROSE LTD
650 24 - SUBJECT ADDED ENTRY--TOPICAL TERM
Topical term or geographic name entry element LEASEHOLD REFORM, HOUSING AND URBAN DEVELOPMENT ACT 1993
650 24 - SUBJECT ADDED ENTRY--TOPICAL TERM
Topical term or geographic name entry element LANDLORD AND TENANT ACT 1987 S48
650 24 - SUBJECT ADDED ENTRY--TOPICAL TERM
Topical term or geographic name entry element SAFFRON WALDON SECOND BENEFIT BUILDING SOCIETY V RAYNER
651 #4 - SUBJECT ADDED ENTRY--GEOGRAPHIC NAME
Geographic name England and Wales
Chronological subdivision 1543-
690 ## - LOCAL SUBJECT ADDED ENTRY--TOPICAL TERM (OCLC, RLIN)
Topical term or geographic name as entry element PROPERTY-COMMERCIAL PROPERTY-COMMERCIAL LANDLORD AND TENANT-COMMERCIAL LEASES
856 40 - ELECTRONIC LOCATION AND ACCESS
Uniform Resource Identifier <a href="https://www.bailii.org/ew/cases/EWCA/Civ/2007/388.html">https://www.bailii.org/ew/cases/EWCA/Civ/2007/388.html</a>
Public note View the judgement free of charge at www.bailii.org...
942 ## - ADDED ENTRY ELEMENTS (KOHA)
Suppress in OPAC 0
Holdings
Withdrawn status Lost status Source of classification or shelving scheme Damaged status Not for loan Home library Current library Shelving location Date acquired Total Checkouts Full call number Barcode Date last seen Copy number Price effective from Koha item type
    Dewey Decimal Classification     Virtual Virtual Online 07/08/2007   ONLINE PUBLICATION 139740-1001 06/08/2019 1 06/08/2019 Law report